[Event "Vojvodina-chT"]
[Site "Kovacica"]
[Date "2019.11.05"]
[Round "7.3"]
[White "Levnajic, Pavle"]
[Black "Kopasz, Robert"]
[Result "1/2-1/2"]
[WhiteElo "2217"]
[BlackElo "2351"]
[PlyCount "120"]
[EventDate "2019.11.01"]
[EventType "team-tourn"]
[EventRounds "11"]
[EventCountry "SRB"]
[SourceTitle "CBM 192 Extra"]
[Source "Chessbase"]
[SourceDate "2019.11.06"]
[SourceVersion "1"]
[SourceVersionDate "2019.11.06"]
[SourceQuality "1"]
[WhiteTeam "Krajisnik Krajina"]
[BlackTeam "Senta"]
[WhiteTeamCountry "SRB"]
[BlackTeamCountry "SRB"]

1. e4 e5 2. Nf3 Nc6 3. Bb5 Nf6 4. Bxc6 dxc6 5. d3 Bd6 6. Nbd2 Be6 7. b3 Nd7 8. Bb2 f6 9. 0-0 Qe7 10. a4 0-0-0 11. Nc4 g5 12. Nfd2 h5 13. Ne3 Nf8 14. Ndc4 Ng6 15. Bc3 Bc5 16. Qd2 Bd4 17. Rfb1 Nf4 18. Bxd4 exd4 19. Nf1 f5 20. exf5 Bd5 21. Re1 Qf6 22. f3 h4 23. h3 Qxf5 24. Re5 Qf6 25. Nh2 Be6 26. Ng4 Bxg4 27. fxg4 Rd5 28. Re4 b6 29. Rae1 Rf8 30. Re8+ Rd8 31. R8e5 Rd5 32. Re8+ Rxe8 33. Rxe8+ Kb7 34. Qe1 Rd7 35. Qe5 Rf7 36. Qxf6 Rxf6 37. Re5 Kc8 38. Nd2 c5 39. Kh2 Re6 40. Rxe6 Nxe6 41. g3 hxg3+ 42. Kxg3 Kd7 43. Ne4 Ke7 44. h4 gxh4+ 45. Kxh4 Kf8 46. Kh5 Kg7 47. Kh4 Nf4 48. Ng3 Kg6 49. Nh5 Ng2+ 50. Kg3 Ne3 51. Nf4+ Kg7 52. Kf3 Nxc2 53. Ke4 Kf6 54. Nd5+ Kg5 55. Nxc7 Na1 56. b4 cxb4 57. Kxd4 Nc2+ 58. Kc4 Kxg4 59. Nd5 Kf3 60. Nxb4 Nxb4 1/2-1/2

[Event "Vojvodina-chT"]
[Site "Kovacica"]
[Date "2019.11.03"]
[Round "3.2"]
[White "Kopasz, Robert"]
[Black "Farkas, Tibor"]
[Result "0-1"]
[WhiteElo "2351"]
[BlackElo "2274"]
[PlyCount "88"]
[EventDate "2019.11.01"]
[EventType "team-tourn"]
[EventRounds "11"]
[EventCountry "SRB"]
[SourceTitle "CBM 192 Extra"]
[Source "Chessbase"]
[SourceDate "2019.11.06"]
[SourceVersion "1"]
[SourceVersionDate "2019.11.06"]
[SourceQuality "1"]
[WhiteTeam "Senta"]
[BlackTeam "Backa Pacir"]
[WhiteTeamCountry "SRB"]
[BlackTeamCountry "SRB"]

1. c4 c5 2. g3 g6 3. Bg2 Bg7 4. Nc3 Nc6 5. e3 e6 6. Nge2 Nge7 7. b3 0-0 8. Bb2 d5 9. cxd5 Nxd5 10. Na4 Bxb2 11. Nxb2 Qf6 12. Na4 b6 13. 0-0 Ba6 14. a3 Rad8 15. Ra2 Rd7 16. Re1 Rfd8 17. Nf4 Nxf4 18. gxf4 e5 19. fxe5 Nxe5 20. Nc3 Qh4 21. Ne4 f5 22. Ng3 Nd3 23. Rf1 f4 24. Ne4 Ne5 25. Re1 f3 26. Bxf3 Rf7 27. Bg2 Ng4 28. h3 Nxf2 29. Nxf2 Rxf2 30. Qg4 Qxg4 31. hxg4 Rdxd2 32. Bd5+ Kf8 33. Rxd2 Rxd2 34. e4 Ke7 35. Re3 Rd3 36. Rxd3 Bxd3 37. Kf2 Kf6 38. Ke3 Bb1 39. b4 g5 40. bxc5 bxc5 41. Bg8 h6 42. Bh7 Ke5 43. Bg6 c4 44. Bh7 c3 0-1

[Event "Vojvodina-chT"]
[Site "Kovacica"]
[Date "2019.11.02"]
[Round "2.2"]
[White "Mandic, Milenko"]
[Black "Kopasz, Robert"]
[Result "1/2-1/2"]
[WhiteElo "1904"]
[BlackElo "2351"]
[PlyCount "120"]
[EventDate "2019.11.01"]
[EventType "team-tourn"]
[EventRounds "11"]
[EventCountry "SRB"]
[SourceTitle "CBM 192 Extra"]
[Source "Chessbase"]
[SourceDate "2019.11.06"]
[SourceVersion "1"]
[SourceVersionDate "2019.11.06"]
[SourceQuality "1"]
[WhiteTeam "Indija Sloga"]
[BlackTeam "Senta"]
[WhiteTeamCountry "SRB"]
[BlackTeamCountry "SRB"]

1. d4 c5 2. c3 Nf6 3. Nf3 b6 4. Bf4 Bb7 5. e3 d6 6. dxc5 bxc5 7. Nbd2 Nbd7 8. Qb3 Rb8 9. Qc2 e5 10. Bg5 h6 11. Bh4 Be7 12. Bd3 0-0 13. e4 Nh5 14. Bxe7 Qxe7 15. g3 d5 16. 0-0-0 c4 17. Be2 Nc5 18. exd5 e4 19. d6 Qd8 20. Ne5 Nd3+ 21. Kb1 Nf6 22. Ndxc4 Nxf2 23. Rhf1 Nxd1 24. Rxd1 Nd7 25. Qa4 Nxe5 26. Nxe5 Re8 27. Qd4 Qf6 28. Nd7 Qxd4 29. Rxd4 Rbc8 30. Nf6+ gxf6 31. d7 Bc6 32. dxc8Q Rxc8 33. Kc1 Kf8 34. Kd2 Ke7 35. Bg4 Rb8 36. b3 Rb5 37. c4 Ra5 38. a4 Re5 39. Ke3 a5 40. Bd1 Rf5 41. Be2 Rg5 42. g4 f5 43. h3 fxg4 44. hxg4 f5 45. gxf5 Rxf5 46. Bg4 Rf8 47. Rd2 Rg8 48. Kf4 Rf8+ 49. Bf5 Rb8 50. Rh2 Rxb3 51. Rxh6 Bxa4 52. Bxe4 Rb4 53. Ke5 Rxc4 54. Bd5 Rc1 55. Rh7+ Ke8 56. Kd6 Kd8 57. Ra7 Be8 58. Rxa5 Rc8 59. Ra7 Rb8 60. Bb7 Bd7 1/2-1/2

[Event "HUN-chT 1819"]
[Site "Hungary"]
[Date "2019.04.28"]
[Round "9.4"]
[White "Szuk, Balazs"]
[Black "Kopasz, Robert"]
[Result "1/2-1/2"]
[WhiteElo "2357"]
[BlackElo "2320"]
[PlyCount "38"]
[EventDate "2018.11.17"]
[EventType "team-tourn"]
[EventRounds "9"]
[EventCountry "HUN"]
[SourceTitle "CBM 190 Extra"]
[Source "ChessBase"]
[SourceDate "2019.07.15"]
[SourceVersion "1"]
[SourceVersionDate "2019.07.15"]
[SourceQuality "1"]
[WhiteTeam "Penzugyor"]
[BlackTeam "Maroczy"]
[WhiteTeamCountry "HUN"]
[BlackTeamCountry "HUN"]

1. e4 e5 2. Nf3 Nc6 3. Nc3 d6 4. d4 exd4 5. Nxd4 Nf6 6. Nxc6 bxc6 7. Bd3 Be7 8. 0-0 0-0 9. f4 d5 10. Qf3 Rb8 11. e5 Ng4 12. Kh1 f5 13. h3 Nh6 14. Rd1 Be6 15. b3 Kh8 16. Ne2 c5 17. c3 c6 18. Be3 Rg8 19. Qf2 Qf8 1/2-1/2

[Event "Vojvodina-chT 2nd League"]
[Site "Novi Sad"]
[Date "2018.11.15"]
[Round "9.1"]
[White "Kopasz, Robert"]
[Black "Savanovic, Vuk"]
[Result "1/2-1/2"]
[WhiteElo "2320"]
[BlackElo "2272"]
[PlyCount "142"]
[EventDate "2018.11.09"]
[EventType "team-tourn"]
[EventRounds "11"]
[EventCountry "SRB"]
[SourceTitle "CBM 187 Extra"]
[Source "ChessBase"]
[SourceDate "2018.11.04"]
[SourceVersion "1"]
[SourceVersionDate "2018.11.04"]
[SourceQuality "1"]
[WhiteTeam "Senta"]
[BlackTeam "Novi Sad Vojvodina"]
[WhiteTeamCountry "SRB"]
[BlackTeamCountry "SRB"]

1. c4 Nf6 2. Nc3 c5 3. g3 g6 4. Bg2 Bg7 5. e3 0-0 6. Nge2 d6 7. 0-0 Nc6 8. h3 Bd7 9. d4 Rb8 10. b3 a6 11. Bb2 b5 12. cxb5 axb5 13. Qd2 c4 14. bxc4 bxc4 15. Rab1 Qa5 16. Ba1 Nb4 17. Nf4 e6 18. Rb2 e5 19. dxe5 dxe5 20. Nfd5 Nbxd5 21. Nxd5 Qxd2 22. Ne7+ Kh8 23. Rxd2 Rb5 24. f4 Be6 25. Bxe5 Ng8 26. Nc6 c3 27. Rc2 Rb2 28. Rff2 Bxe5 29. Nxe5 Bxa2 30. Rxb2 cxb2 31. Rxb2 Be6 32. Nc6 Nf6 33. Rb8 Rxb8 34. Nxb8 Kg7 35. Na6 Nd7 36. e4 f6 37. Kf2 h6 38. Ke3 g5 39. Nc7 Bf7 40. Kd4 Nf8 41. Nb5 Ng6 42. Ke3 gxf4+ 43. gxf4 Bc4 44. Nd6 Nh4 45. Bf3 Bg8 46. f5 Nxf3 47. Kxf3 Bb3 48. Kf4 Kf8 49. Ke3 Ke7 50. Nb5 Bc4 51. Nc3 Bf1 52. h4 Bc4 53. Kd4 Bb3 54. Nd5+ Kf7 55. Ne3 Ba4 56. Ng4 Kg7 57. e5 fxe5+ 58. Kxe5 Bb3 59. f6+ Kg6 60. Ne3 Bf7 61. Nf5 Kh5 62. Kd6 Bg6 63. Ke7 Kg4 64. Nxh6+ Kxh4 65. Kf8 Bc2 66. Ke7 Bb3 67. Nf5+ Kg5 68. Nd4 Bg8 69. Ne6+ Kf5 70. Nd8 Kg6 71. Nc6 Kf5 1/2-1/2

[Event "Vojvodina-chT 2nd League"]
[Site "Novi Sad"]
[Date "2018.11.15"]
[Round "10.5"]
[White "Ratkovic, Milovan"]
[Black "Kopasz, Robert"]
[Result "1/2-1/2"]
[WhiteElo "2411"]
[BlackElo "2320"]
[PlyCount "25"]
[EventDate "2018.11.09"]
[EventType "team-tourn"]
[EventRounds "11"]
[EventCountry "SRB"]
[SourceTitle "CBM 187 Extra"]
[Source "ChessBase"]
[SourceDate "2018.11.04"]
[SourceVersion "1"]
[SourceVersionDate "2018.11.04"]
[SourceQuality "1"]
[WhiteTeam "Elemir Naftagas"]
[BlackTeam "Senta"]
[WhiteTeamCountry "SRB"]
[BlackTeamCountry "SRB"]

1. d4 g6 2. c4 Bg7 3. Nc3 d6 4. e4 Nd7 5. Be3 e5 6. Nge2 Ne7 7. Qd2 0-0 8. 0-0-0 f5 9. Bh6 Bxh6 10. Qxh6 fxe4 11. Nxe4 Nf5 12. Qd2 Qe7 13. dxe5 1/2-1/2

[Event "Vojvodina-chT 2nd League"]
[Site "Novi Sad"]
[Date "2018.11.11"]
[Round "4.2"]
[White "Grcic, Vukasin"]
[Black "Kopasz, Robert"]
[Result "0-1"]
[WhiteElo "2174"]
[BlackElo "2320"]
[PlyCount "58"]
[EventDate "2018.11.09"]
[EventType "team-tourn"]
[EventRounds "11"]
[EventCountry "SRB"]
[SourceTitle "CBM 187 Extra"]
[Source "ChessBase"]
[SourceDate "2018.11.04"]
[SourceVersion "1"]
[SourceVersionDate "2018.11.04"]
[SourceQuality "1"]
[WhiteTeam "Nova Pazova Mladost"]
[BlackTeam "Senta"]
[WhiteTeamCountry "SRB"]
[BlackTeamCountry "SRB"]

1. e4 g6 2. d4 Bg7 3. Nc3 d6 4. f4 Nf6 5. Nf3 0-0 6. e5 dxe5 7. fxe5 Nd5 8. Bc4 Nb6 9. Bb3 Nc6 10. a4 Bg4 11. a5 Bxf3 12. gxf3 Nc8 13. a6 b6 14. Bd5 Qd7 15. f4 e6 16. Be4 N8e7 17. d5 exd5 18. Nxd5 Rad8 19. c4 Nxd5 20. Qxd5 Qxd5 21. cxd5 Ne7 22. d6 cxd6 23. exd6 Rxd6 24. Kf2 Rfd8 25. Ra4 f5 26. Bb7 Bxb2 27. Be3 Nd5 28. Rd1 Nxe3 29. Rxd6 Ng4+ 0-1

[Event "HUN-chT2 Maroczy 1819"]
[Site "Hungary"]
[Date "2018.10.28"]
[Round "3.1"]
[White "Kopasz, Robert"]
[Black "Ilincic, Zlatko"]
[Result "1/2-1/2"]
[WhiteElo "2324"]
[BlackElo "2429"]
[PlyCount "57"]
[EventDate "2018.09.23"]
[EventType "team-tourn"]
[EventRounds "11"]
[EventCountry "HUN"]
[SourceTitle "EXT 2020"]
[Source "ChessBase"]
[SourceDate "2019.10.17"]
[SourceVersion "1"]
[SourceVersionDate "2019.10.17"]
[SourceQuality "1"]
[WhiteTeam "Szeged Maroczy II"]
[BlackTeam "Toth Laszlo"]
[WhiteTeamCountry "HUN"]
[BlackTeamCountry "HUN"]

1. Nf3 d5 2. g3 c6 3. Bg2 Nf6 4. 0-0 Nbd7 5. d3 e5 6. c4 Bd6 7. cxd5 cxd5 8. a3 0-0 9. Nc3 h6 10. e3 Nb6 11. b3 Be6 12. Bb2 Nfd7 13. Rc1 a6 14. b4 Rc8 15. Qd2 Qe7 16. Ne2 g5 17. Rxc8 Rxc8 18. Rc1 Rxc1+ 19. Nxc1 Qd8 20. Qc2 Qc7 21. Qxc7 Bxc7 22. Nb3 Na4 23. Ba1 b6 24. Bf1 f6 25. Nfd2 Nb8 26. Be2 Nc6 27. d4 b5 28. f3 Bb6 29. Kf2 1/2-1/2

[Event "HUN-chT2 Maroczy 1718"]
[Site "Hungary"]
[Date "2017.11.26"]
[Round "2.9"]
[White "Kaposztas, Miklos"]
[Black "Kopasz, Robert"]
[Result "1/2-1/2"]
[WhiteElo "2067"]
[BlackElo "2307"]
[PlyCount "23"]
[EventDate "2017.10.29"]
[EventType "team-tourn"]
[EventRounds "9"]
[EventCountry "HUN"]
[SourceTitle "EXT 2021"]
[Source "ChessBase"]
[SourceDate "2020.10.23"]
[SourceVersion "1"]
[SourceVersionDate "2020.10.23"]
[SourceQuality "1"]
[WhiteTeam "Budapest Vasas"]
[BlackTeam "Szeged Maroczy"]
[WhiteTeamCountry "HUN"]
[BlackTeamCountry "HUN"]

1. c4 g6 2. e4 Bg7 3. d4 d6 4. d5 e5 5. Nc3 Ne7 6. Bd3 0-0 7. Be3 f5 8. f3 Nd7 9. Nge2 Nf6 10. h3 fxe4 11. fxe4 c6 12. 0-0 1/2-1/2